| 000 | 01025cam a22003137a 4500 | ||
|---|---|---|---|
| 003 | CHAP | ||
| 005 | 20220329141840.0 | ||
| 008 | 980202d1991 us a r 00110 eng d | ||
| 010 | _a74759 | ||
| 011 | _a75731 | ||
| 020 | _a0471502324 | ||
| 035 | _a85300 | ||
| 040 | _cCHAP | ||
| 082 | 0 | 4 |
_a632.95042 _bS24 |
| 100 | 0 | 0 |
_aSchnoor, Jerarld L. _eed. _9103111 |
| 245 | 1 | 0 |
_aFate of pesticides and chemicals in the environment _c/ed. by Jerarld L. Schnoor |
| 260 | 0 |
_aNew York : _bWiley, _c1992. |
|
| 300 |
_a436 p. : _bilus. ; gráfs. ; mapas |
||
| 590 |
_aBATCH-UPD _b10 _c20130110 _lUCH01 _h1624 |
||
| 590 |
_aBATCH-UPD _b10 _c20130410 _lUCH01 _h1018 |
||
| 590 |
_aBATCH-UPD _b10 _c20130914 _lUCH01 _h1808 |
||
| 590 |
_aCONVERSION _b10 _c20130109 _lUCH01 _h1341 |
||
| 650 | 1 | 4 |
_aMedio ambiente _xContaminación. _974069 |
| 650 | 1 | 4 |
_aPesticidas _xEfecto en el medio ambiente. _987548 |
| 901 | _aBK | ||
| 905 | _aGuadalupe Pinto C. | ||
| 942 | _cLIBRO | ||
| 949 |
_a632.95042 S24 _bBC _cLIBRO _d33724000690236 _eLIBRO _h65139 _i85300 _si |
||
| 999 |
_c74759 _d74759 |
||